000 00910aab a2200217 i 4500
001 768714001
003 CO-MdFUSB
005 20240618062715.0
008 240416t1983 ag ||||| |||| 00| 0 spa d
040 _bspa
_cCO-MdFUSB
041 _aspa
100 1 _aPadilla, C. René
_eautor
245 4 _aLos grupos de koinonia y la vida y misión de la iglesia
_c/ C. René Padilla
300 _aVolumen 2, número 3, (septiembre, 1983), páginas: 4 - 5
_c; 27 cm
520 _aEn muchos lugares alrededor del mundo los cristianos están redescubriendo el valor de los grupos de koinonia (comunión) en relación a la vida y misión de la iglesia. Abundan los ejemplos.
650 7 _aReligión y cultura
_9388
650 0 _aMisiones
_9154
653 _aTeología protestante
773 0 _tIglesia y Misión
_049402
_959626
_gVolumen 2, número 3, (septiembre, 1983), páginas: 4 - 5
_qpágina: 4
942 _cANA
999 _c51396
_d51396